| 000 | 00675cam a22002293a 4500 | ||
|---|---|---|---|
| 001 | 28252 | ||
| 003 | PGUSA | ||
| 005 | 20140828083617.0 | ||
| 008 | 090305s2009||||xxu|||||s|||||000 | eng d | ||
| 040 |
_aPGUSA _beng |
||
| 042 | _adc | ||
| 050 | 4 | _aML | |
| 100 | 1 |
_aMayson, Walter H. _q(Walter Henry), _d1835-1904 |
|
| 245 | 1 | 0 |
_aViolin Making : _b'The Strad' Library, No. IX. _h[electronic resource] / _cWalter H. Mayson |
| 260 |
_bProject Gutenberg, _c2009 |
||
| 506 | _aPublic domain in the USA. | ||
| 516 | _aElectronic text | ||
| 653 | _aViolin -- Construction | ||
| 830 | 0 |
_aProject Gutenberg _v28252 |
|
| 856 | 4 | 0 | _uhttp://www.gutenberg.org/ebooks/28252 |
| 942 | _cEB | ||
| 999 |
_c257507 _d257507 |
||